000 01426nam a2200205 a 4500
008 190916s2015 a ||||gr|||| 000 1 spa d
020 _a9789504936756
041 _aspa
092 _c808
_l26
_sFON
100 1 _aFontanarrosa, Roberto.
_94089
245 3 _aEl mayor de mis defectos y otros cuentos /
_cRoberto Fontanarrosa.
250 _a2a ed.
260 _aBuenos Aires:
_bPlaneta;
_c2015.
300 _a280 p.
_b21x13cm
500 _aFontanarrosa, R. (2015). El mayor de mis defectos y otros cuentos. (2a ed.). Buenos Aires : Planeta.
505 _a"Entonces yo sí, te garanto, te puedo contar cómo es la verdad de la milanesa, con las buenas y las malas, que no es lo que te contó el muchacho éste, que no sé si será amigo tuyo o qué será. Y te digo más, esto que te voy a contar no se lo he contado a nadie, porque si yo tengo algún defecto, ése es el de la discreción". El mayor de mis defectos y otros cuentos es un claro exponente de las distintas formas que toman los cuentos de Fontanarrosa: el absurdo, la ciencia ficción, la literatura, las historias del tango, la relación con la tecnología y, quizá sus preferidas, las semblanzas deportivas. Con una mirada aguda sobre los estereotipos argentinos y un oído atento a las inflexiones del habla coloquial, Fontanarrosa presenta personas inolvidables.
590 _aDonación septiembre 2019.
655 _aLiteratura
_92917
942 _2ddc
_cLIT
999 _c3046
_d3046